000 00566cam a2200193 4500500
005 20260405001003.0
041 _afre
042 _adc
100 1 0 _aBaillargeon, Normand
_eauthor
245 0 0 _aExtension du domaine de la chute
260 _c2010.
500 _a40
690 _aCinéma
690 _aDéclin
690 _aHédonisme
690 _aSociété
786 0 _nPhilosophie magazine | 42 | 9 | 2010-09-01 | p. 18-19 | 1951-1787
856 4 1 _uhttps://shs.cairn.info/magazine-philosophie-magazine-2010-9-page-18?lang=fr&redirect-ssocas=7080
999 _c2042893
_d2042893